000 00728ntm a2200169 i 4500
001 189421
003 ES-MaACL
005 20240516141959.0
008 190531s1747 sp |||| | spa d
245 0 0 _aAl marqués de Pozoblanco, en Sevilla a 10 de enero de 1747 [
_hManuscrito].
260 _c1747.
300 _a[3] p. ;
_c23 cm.
600 1 7 _aPozoblanco, Francisco Manuel de Velasco y Estrada,
_cMarqués de
_2
_9167182
651 _aGuadalquivir (España, Río)-
_zNavegación.
_9167183
852 _aES-MaACL
_jB-8924(17)
_z.- Legado de Federico de Botella y de Hornos
_z.- Encuadernado en un vol. facticio agrupado con el nombre en el lomo: España, geología, memorias y documentos varios 1 a 8
999 _c189421
_d189421